000 01029cam a2200301 4500
001 E138408
008 000000n2007 000 0 eng u
020 _a9780755953196
035 _a(Sirsi) u138408
041 _aeng
050 _a630.09411
_c18
110 _aScottish Executive Environment and Rural Affairs Department
_94114
245 _aEconomic report on Scottish agriculture 2007 edition
260 _aEdinburgh
_bScottish Executive
_c2007
300 _aviii,95p. ; 30cm.
350 _a16.50
650 _aAGRICULTURAL EMPLOYMENT
650 _aAGRICULTURAL STATISTICS
650 _aAGRICULTURE
650 _aLand use
_96251
650 _aPROPERTY-RURAL AND NATURAL ASSETS-AGRICULTURAL PROPERTY-LIVESTOCK
650 _aSCOTLAND
650 _aSTATISTICS
651 4 _aSCOTLAND
690 _aPROPERTY-RURAL AND NATURAL ASSETS-AGRICULTURAL PROPERTY
856 4 0 _uhttps://www.scotland.gov.uk/Publications/2007/05/15131914/102
_zView the report online free of charge at www.scotland.gov.uk
942 _n0
999 _c107156
_d107156